000 00199 a2200097 4500
001 45570
100 _aSaroyan, A
245 _aTrio
260 _aLondon
_bSidgwick Jackson
_c
090 _c28732
_d28732
942 _aNUST-CAE
_cM
_c20816
999 _c280643
_d280643